[Event "17th Asian Cities"]
[Site "Jakarta INA"]
[Date "2011.04.26"]
[Round "6.10"]
[White "Shrestha, Bilam Lal"]
[Black "Wong, Meng Kong"]
[Result "1-0"]
[WhiteTitle "FM"]
[BlackTitle "GM"]
[WhiteElo "2129"]
[BlackElo "2358"]
[WhiteTeam "Kathmandu"]
[BlackTeam "Singapore"]
[WhiteFideId "12300047"]
[BlackFideId "5800030"]
[EventDate "2011.04.22"]

1. e4 g6 2. d4 Bg7 3. Be3 c5 4. c3 Nf6 5. f3 d5 6. e5 Nfd7 7. Qd2 e6 8. h4 h5 9.
Bd3 Nc6 10. Ne2 Ne7 11. Na3 a6 12. Bg5 Nb8 13. Nf4 Nbc6 14. Nc2 Qc7 15. Rc1 c4
16. Be2 Nf5 17. Ne3 Ng3 18. Rh3 Nxe2 19. Kxe2 Ne7 20. g4 hxg4 21. fxg4 Bh6 22.
Bxh6 Rxh6 23. g5 Rh8 24. h5 Bd7 25. hxg6 Nxg6 26. Rxh8+ Nxh8 27. Rh1 O-O-O 28.
Rh7 Rg8 29. Ng4 Qd8 30. Nh5 Rf8 31. Nh6 Be8 32. Nf6 Qe7 33. Nhg8 Rxg8 34. Nxg8
Qf8 35. Rxh8 Qg7 36. Ne7+ Kd8 37. Rxe8+ Kxe8 38. Nc8 Qh7 39. Nd6+ Kf8 40. Qf4 b6
41. Kf2 Qc2+ 42. Kg3 Qd3+ 43. Kh4 Qh7+ 44. Kg4 b5 45. Qf6 a5 46. g6 1-0

[Event "17th Asian Cities"]
[Site "Jakarta INA"]
[Date "2011.04.26"]
[Round "6.10"]
[White "Tandukar, Naveen"]
[Black "Tan, Tze Lin Tommy"]
[Result "1-0"]
[WhiteElo "1978"]
[BlackElo "1704"]
[WhiteTeam "Kathmandu"]
[BlackTeam "Singapore"]
[WhiteFideId "5021189"]
[BlackFideId "5805295"]
[EventDate "2011.04.22"]

1. e4 c5 2. Nf3 d6 3. c3 g6 4. d4 cxd4 5. cxd4 d5 6. e5 Nc6 7. Nc3 Nh6 8. h3 Bg7
9. g4 O-O 10. Be3 Kh8 11. Qd2 Ng8 12. Nh2 e6 13. O-O-O f6 14. f4 a6 15. Kb1 b5
16. Rc1 Bd7 17. Be2 Qb6 18. h4 Na5 19. b3 b4 20. Nd1 Rac8 21. h5 gxh5 22. Nf3
Rxc1+ 23. Qxc1 Rc8 24. Qd2 Be8 25. Bd3 Nb7 26. gxh5 f5 27. Nf2 a5 28. Ng5 Nh6
29. Be2 a4 30. Rc1 Bd7 31. Rxc8+ Bxc8 32. Nd3 axb3 33. axb3 Bf8 34. Qc1 Bd7 35.
Nc5 Bxc5 36. dxc5 Qc6 37. Nf3 Na5 38. Nd4 Qc7 39. c6 Bc8 40. Qc5 Kg7 41. Bd2 Nb7
42. Qxb4 Nd8 43. Qa5 Qxa5 44. Bxa5 Nhf7 45. b4 Kf8 46. b5 Ke7 47. Bb4+ Ke8 48.
Kb2 Nh6 49. Be1 Ng4 50. Kc3 Ne3 51. Kb4 Ng2 52. Bd2 h6 53. Kc5 Nh4 54. b6 Ng2
55. Bb5 Ke7 56. Bf1 Nh4 57. Be1 Nf3 58. Nxf3 Ke8 59. Bb5 Ke7 60. Bh4+ 1-0

[Event "17th Asian Cities"]
[Site "Jakarta INA"]
[Date "2011.04.26"]
[Round "6.11"]
[White "Lee, Sanghoon"]
[Black "Esa, A H Almarazeeq"]
[Result "1-0"]
[WhiteTitle "CM"]
[WhiteElo "2132"]
[BlackElo "1786"]
[WhiteTeam "Seoul"]
[BlackTeam "Sharjah"]
[WhiteFideId "13200011"]
[BlackFideId "9306250"]
[EventDate "2011.04.22"]

1. c4 e6 2. Nc3 d5 3. d4 Nf6 4. cxd5 exd5 5. Bg5 Be7 6. e3 O-O 7. Qc2 c6 8. Bd3
Nbd7 9. Nf3 Re8 10. O-O Ne4 11. Bxe4 Bxg5 12. Bxh7+ Kh8 13. Bf5 Bh6 14. Rfe1 Nf6
15. Ne5 Qe7 16. Bxc8 Raxc8 17. Qf5 Kg8 18. a3 c5 19. Rad1 c4 20. h4 g6 21. Qf3
Red8 22. g4 g5 23. hxg5 Bxg5 24. Qf5 Ne4 25. Nxe4 dxe4 26. Kg2 Qf6 27. Qxe4 Bh4
28. Nf3 Re8 29. Qxb7 Rb8 30. Qd7 Red8 31. Qf5 Rxb2 32. Nxh4 Qxh4 33. Rh1 1-0

[Event "17th Asian Cities"]
[Site "Jakarta INA"]
[Date "2011.04.26"]
[Round "6.11"]
[White "Omar, Noaman"]
[Black "Jang, Kyungsik"]
[Result "1-0"]
[WhiteElo "2253"]
[BlackElo "1779"]
[WhiteTeam "Sharjah"]
[BlackTeam "Seoul"]
[WhiteFideId "9300244"]
[BlackFideId "13201166"]
[EventDate "2011.04.22"]

1. d4 d5 2. c4 e6 3. Nc3 Be7 4. cxd5 exd5 5. Bf4 c6 6. e3 Bd6 7. Bxd6 Qxd6 8.
Bd3 Ne7 9. Qc2 g6 10. f3 O-O 11. Nge2 Bf5 12. e4 dxe4 13. fxe4 Be6 14. h4 Nd7
15. h5 b5 16. e5 Qc7 17. Qd2 Bf5 18. Bxf5 Nxf5 19. g4 Nxd4 20. Qxd4 Nxe5 21.
O-O-O Rfd8 22. Qf4 Qe7 23. Kb1 Nc4 24. a3 Qe6 25. hxg6 fxg6 26. Qc7 Rxd1+ 27.
Rxd1 Rc8 28. Qxa7 Nd6 29. Qd4 Nf7 30. Qd7 Qxd7 31. Rxd7 Ne5 32. Rd4 Rc7 33. Re4
Re7 34. Nd4 Kf7 35. g5 Nd3 36. Rxe7+ Kxe7 37. Nxc6+ Kd6 38. Nb4 Ne5 39. Nxb5+
Kc5 40. Nc7 Nf7 41. Ne6+ Kd6 42. Nf8 Nxg5 43. a4 Ke7 44. a5 Kxf8 45. a6 Ne6 46.
Nd5 Ke8 47. a7 1-0

[Event "17th Asian Cities"]
[Site "Jakarta INA"]
[Date "2011.04.26"]
[Round "6.11"]
[White "Kim, Taegyeong"]
[Black "Saud, Mohamed"]
[Result "1/2-1/2"]
[WhiteTitle "WCM"]
[WhiteElo "1506"]
[BlackElo "2087"]
[WhiteTeam "Seoul"]
[BlackTeam "Sharjah"]
[WhiteFideId "13200976"]
[BlackFideId "9300457"]
[EventDate "2011.04.22"]

1. c4 c5 2. Nf3 Nc6 3. d4 cxd4 4. Nxd4 g6 5. e4 Bg7 6. Be3 Nf6 7. Nc3 d6 8. Be2
O-O 9. O-O Bd7 10. Qd2 Rc8 11. f3 a6 12. Nxc6 Bxc6 13. b4 Bd7 14. Rac1 Be6 15.
Nd5 Bxd5 16. cxd5 Qd7 17. Bd4 h5 18. Qb2 Rxc1 19. Rxc1 Rc8 20. Rxc8+ Qxc8 21.
Qc3 Qd7 22. Bc4 Ne8 23. Bxg7 Nxg7 24. Qb3 Qc7 25. b5 Qc5+ 26. Kf1 a5 27. b6 f5
28. Ba6 Qc1+ 29. Ke2 Qg1 30. Qe3 Qb1 31. Kf2 Qb2+ 32. Kg3 f4+ 33. Qxf4 Qxb6 34.
Bc4 Qb4 35. Qc1 1/2-1/2

[Event "17th Asian Cities"]
[Site "Jakarta INA"]
[Date "2011.04.26"]
[Round "6.11"]
[White "Walid, Anwar"]
[Black "Bae, Jisoo"]
[Result "1-0"]
[WhiteElo "1775"]
[BlackElo "1481"]
[WhiteTeam "Sharjah"]
[BlackTeam "Seoul"]
[WhiteFideId "9302271"]
[BlackFideId "13200828"]
[EventDate "2011.04.22"]

1. d4 d5 2. c4 e6 3. Nc3 Be7 4. Nf3 Nf6 5. cxd5 exd5 6. Bg5 h6 7. Bh4 O-O 8. e3
b6 9. Qc2 Bb7 10. Bd3 Nbd7 11. O-O c5 12. Rad1 c4 13. Bf5 Re8 14. Ne5 a6 15. a4
Qc7 16. f4 Bb4 17. Rf3 Nxe5 18. fxe5 Nd7 19. Rdf1 Nf8 20. Rg3 g6 21. Bf6 Be7 22.
Bxg6 fxg6 23. Rxg6+ Kh7 24. Rg7+ Kh8 25. Rg3+ Bxf6 26. Rxf6 Qh7 27. Qf2 Nd7 28.
Rf7 Qd3 29. Qf4 1-0

[Event "17th Asian Cities"]
[Site "Jakarta INA"]
[Date "2011.04.26"]
[Round "6.12"]
[White "Jayamurthey, Pavitranayagi"]
[Black "Kadek, Iin Dwijayanti"]
[Result "1/2-1/2"]
[BlackTitle "WCM"]
[WhiteElo "1676"]
[BlackElo "1919"]
[WhiteTeam "Putrajaya"]
[BlackTeam "Pekanbaru"]
[WhiteFideId "5708885"]
[BlackFideId "7101066"]
[EventDate "2011.04.22"]

1. e4 c5 2. Nf3 d6 3. d4 cxd4 4. Nxd4 Nf6 5. Nc3 a6 6. Be3 e5 7. Nb3 Be6 8. f3
Qc7 9. Bd3 Nbd7 10. O-O b5 11. Qd2 Nb6 12. Rfd1 Rc8 13. Qf2 Nc4 14. Bxc4 bxc4
15. Nd2 Rb8 16. Na4 Be7 17. Bb6 Qc6 18. b3 O-O 19. Be3 Nd7 20. Qe2 Rfc8 21. Rac1
Qb5 22. Qf2 Qa5 23. Nb1 f5 24. exf5 Bxf5 25. Nbc3 Rc6 26. Nd5 Bf8 27. Nac3 Be6
28. g4 Rbc8 29. b4 Qd8 30. h3 Rb8 31. Qd2 Qe8 32. Kg2 1/2-1/2

[Event "17th Asian Cities"]
[Site "Jakarta INA"]
[Date "2011.04.27"]
[Round "7.1"]
[White "Yu, Yangyi"]
[Black "So, Wesley"]
[Result "1/2-1/2"]
[WhiteTitle "GM"]
[BlackTitle "GM"]
[WhiteElo "2652"]
[BlackElo "2667"]
[WhiteTeam "Shi Jiazhuang"]
[BlackTeam "Tagaytay"]
[WhiteFideId "8603820"]
[BlackFideId "5202213"]
[EventDate "2011.04.22"]

1. e4 c6 2. d4 d5 3. e5 Bf5 4. Be3 e6 5. Nd2 Nd7 6. Ngf3 Ne7 7. Nh4 h6 8. Nxf5
Nxf5 9. Bd3 Nxe3 10. fxe3 c5 11. c3 Qb6 12. O-O Be7 13. Kh1 O-O 14. Rb1 f6 15.
Qh5 fxe5 16. dxe5 c4 17. Bc2 Rxf1+ 18. Rxf1 Rf8 19. Nf3 Nc5 20. Qg6 Nd3 21. b3
Bg5 22. bxc4 dxc4 23. Bxd3 cxd3 24. Qxd3 Qxe3 25. Qc4 Kh8 26. Re1 Qf2 27. Rf1
Qe3 28. Re1 Qf2 29. Rf1 Qe3 1/2-1/2

[Event "17th Asian Cities"]
[Site "Jakarta INA"]
[Date "2011.04.27"]
[Round "7.1"]
[White "Wan, Yunguo"]
[Black "Gomez, John Paul"]
[Result "1-0"]
[BlackTitle "GM"]
[WhiteElo "2458"]
[BlackElo "2538"]
[WhiteTeam "Shi Jiazhuang"]
[BlackTeam "Tagaytay"]
[WhiteFideId "8603189"]
[BlackFideId "5201381"]
[EventDate "2011.04.22"]

1. e4 c5 2. Nf3 g6 3. d4 cxd4 4. Nxd4 Nc6 5. Nc3 Bg7 6. Be3 Nf6 7. Bc4 O-O 8.
Bb3 d6 9. h3 Bd7 10. O-O Rc8 11. Re1 a6 12. Nf3 Na5 13. Qd2 Nc4 14. Bxc4 Rxc4
15. Bh6 Qb6 16. Bxg7 Kxg7 17. b3 Rc7 18. Nd5 Nxd5 19. exd5 Re8 20. c4 Qc5 21.
Rac1 Bf5 22. Nd4 Bc8 23. b4 Qb6 24. c5 dxc5 25. bxc5 Qf6 26. d6 Rd7 27. Rc3 e5
28. Rf3 Qd8 29. Rfe3 f6 30. f4 Rf7 31. fxe5 Rxe5 32. Rxe5 fxe5 33. Nf3 Rxf3 34.
gxf3 Qh4 35. Re4 Qxh3 36. Qg5 Bf5 37. Rh4 Qxf3 38. Qe7+ Kg8 39. Qxh7+ Kf8 40.
Qe7+ Kg8 41. Qe8+ Kg7 42. Qxe5+ 1-0

[Event "17th Asian Cities"]
[Site "Jakarta INA"]
[Date "2011.04.27"]
[Round "7.1"]
[White "Laylo, Darwin"]
[Black "Wang, Rui"]
[Result "1/2-1/2"]
[WhiteTitle "GM"]
[BlackTitle "GM"]
[WhiteElo "2516"]
[BlackElo "2437"]
[WhiteTeam "Tagaytay"]
[BlackTeam "Shi Jiazhuang"]
[WhiteFideId "5201330"]
[BlackFideId "8601003"]
[EventDate "2011.04.22"]

1. d4 d5 2. c4 e6 3. Nf3 Nf6 4. Nc3 Be7 5. Bg5 O-O 6. e3 h6 7. Bh4 Ne4 8. Bxe7
Qxe7 9. Qc2 Nxc3 10. Qxc3 dxc4 11. Bxc4 b6 12. O-O Bb7 13. Rfd1 Nd7 14. Rac1
Rfd8 15. Be2 c5 16. Qa3 a5 17. Rd2 Qf6 18. Rcd1 Rac8 19. h3 cxd4 20. Rxd4 Nc5
21. Rxd8+ Rxd8 22. Rxd8+ Qxd8 23. Qc3 1/2-1/2

[Event "17th Asian Cities"]
[Site "Jakarta INA"]
[Date "2011.04.27"]
[Round "7.2"]
[White "Kazhgaleyev, Murtas"]
[Black "Barus, Cerdas"]
[Result "1/2-1/2"]
[WhiteTitle "GM"]
[BlackTitle "GM"]
[WhiteElo "2618"]
[BlackElo "2443"]
[WhiteTeam "Astana"]
[BlackTeam "Jakarta"]
[WhiteFideId "13700316"]
[BlackFideId "7100094"]
[EventDate "2011.04.22"]

1. d4 Nf6 2. c4 e6 3. Nc3 Bb4 4. g3 O-O 5. Bg2 d5 6. cxd5 exd5 7. e3 c6 8. Ne2
Re8 9. O-O Bf5 10. f3 Na6 11. g4 Be6 12. Nf4 h6 13. a3 Ba5 14. Nce2 Bc8 15. h3
Nc7 16. Ng3 Bb6 17. Nd3 Nb5 18. a4 Nd6 19. b3 Nh7 20. Ra2 a5 21. Re2 Qh4 22. Bd2
Qe7 23. Kh1 Nf8 24. Bc3 Bc7 25. Qe1 f5 26. Ne5 Be6 27. Qb1 fxg4 28. fxg4 Nf7 29.
e4 Nxe5 30. dxe5 d4 31. Bxd4 Qb4 32. Ba1 Qxb3 33. Nf5 b5 34. Nd6 Qxa4 35. Rc2 b4
36. Qc1 Bb6 37. Rd1 c5 38. Bf1 Reb8 39. g5 hxg5 40. Nf5 Bd8 41. Rg2 Qe8 42. h4
Ng6 43. hxg5 Nf4 44. Rh2 a4 45. Qe3 Ra7 46. Bh3 Kf8 47. Rf2 Kg8 48. Rh2 Kf8 49.
Rf2 Kg8 1/2-1/2

[Event "17th Asian Cities"]
[Site "Jakarta INA"]
[Date "2011.04.27"]
[Round "7.2"]
[White "Kotsur, Pavel"]
[Black "Megaranto, Susanto"]
[Result "1/2-1/2"]
[WhiteTitle "GM"]
[BlackTitle "GM"]
[WhiteElo "2562"]
[BlackElo "2533"]
[WhiteTeam "Astana"]
[BlackTeam "Jakarta"]
[WhiteFideId "13700278"]
[BlackFideId "7101384"]
[EventDate "2011.04.22"]

1. e4 d5 2. exd5 Qxd5 3. Nc3 Qa5 4. d4 c6 5. Nf3 Nf6 6. Bc4 Bf5 7. Bd2 e6 8. Nd5
Qd8 9. Nxf6+ gxf6 10. c3 Nd7 11. Nh4 Bg6 12. Qf3 f5 13. g3 Nf6 14. Bg5 Be7 15.
Bxf6 Bxf6 16. Ng2 Bg7 17. Nf4 Qf6 18. h4 h5 19. O-O Bh6 20. Rfe1 Bxf4 21. Qxf4
O-O 22. Re5 Rfd8 23. Rae1 Rd6 24. b4 a6 25. a4 Rad8 26. Kg2 Kh7 27. R5e3 Qg7 28.
Re5 R8d7 29. Bb3 Qf8 30. R5e3 Qg7 31. Qg5 Qh6 32. Qxh6+ Kxh6 33. Kf3 Kg7 34. Re5
Kf6 35. Ke3 Rd8 36. f4 Ke7 37. Kd3 Kd7 38. b5 axb5 39. axb5 Ra8 40. Kc2 Kc7 41.
Kb2 Rdd8 42. Ra1 Rxa1 43. Kxa1 Kd6 44. Kb2 Re8 45. c4 f6 46. c5+ Kd7 47. bxc6+
bxc6 48. Re1 Bf7 49. Ra1 Rc8 50. Ra7+ Rc7 51. Ra6 Rb7 52. Kc3 Kc7 53. Ra1 Rb8
54. Ra6 Rb7 55. Bc2 Bg6 56. Ra1 Rb8 57. Re1 Kd7 58. Ra1 Kc7 59. Bd3 Rb7 60. Ra6
Rb8 61. Bc4 Bf7 62. Ra1 Rb7 63. Be2 Rb8 64. Bf3 Be8 65. Re1 Bf7 66. Ra1 Be8 1/2-1/2

[Event "17th Asian Cities"]
[Site "Jakarta INA"]
[Date "2011.04.27"]
[Round "7.2"]
[White "Lioe, Dede"]
[Black "Kuderinov, Kirill"]
[Result "1/2-1/2"]
[WhiteTitle "IM"]
[BlackTitle "IM"]
[WhiteElo "2418"]
[BlackElo "2480"]
[WhiteTeam "Jakarta"]
[BlackTeam "Astana"]
[WhiteFideId "7100566"]
[BlackFideId "13701568"]
[EventDate "2011.04.22"]

1. e4 e5 2. Nf3 Nc6 3. Bb5 a6 4. Ba4 Nf6 5. O-O Be7 6. Re1 b5 7. Bb3 d6 8. c3
O-O 9. h3 Na5 10. Bc2 c5 11. d4 Qc7 12. Nbd2 Bd7 13. dxe5 dxe5 14. Nf1 Rfd8 15.
Qe2 b4 16. Ne3 c4 17. Nd5 Nxd5 18. exd5 f6 19. Nh2 Be8 20. Ng4 Bf7 21. Ne3 Bf8
22. Rd1 Rab8 23. Be4 Kh8 24. h4 bxc3 25. bxc3 Nb7 26. Qxc4 Qxc4 27. Nxc4 Nc5 28.
Bc2 Rxd5 29. Rxd5 Bxd5 30. Ne3 Be6 31. Ba3 g6 32. Rb1 Rxb1+ 33. Bxb1 Kg7 34. Bb4
f5 35. g3 Kf6 36. a3 h6 37. Kf1 f4 38. Ng2 Bc4+ 39. Kg1 g5 40. hxg5+ hxg5 41.
gxf4 exf4 42. Ne1 g4 43. Nd3 Bxd3 44. Bxc5 Bxc5 45. Bxd3 a5 46. a4 f3 47. Kf1
Ke5 48. Ba6 Kf4 49. Bc8 Bd6 50. c4 Bc5 51. Bd7 Bd4 52. Be6 1/2-1/2

[Event "17th Asian Cities"]
[Site "Jakarta INA"]
[Date "2011.04.27"]
[Round "7.3"]
[White "Ghaem Maghami, Ehsan"]
[Black "Thejkumar, M. S."]
[Result "0-1"]
[WhiteTitle "GM"]
[BlackTitle "IM"]
[WhiteElo "2606"]
[BlackElo "2458"]
[WhiteTeam "Tehran"]
[BlackTeam "Bangalore"]
[WhiteFideId "12500739"]
[BlackFideId "5009154"]
[EventDate "2011.04.22"]

1. c4 e6 2. Nc3 d5 3. d4 Be7 4. Nf3 Nf6 5. Bg5 O-O 6. e3 h6 7. Bh4 Ne4 8. Bxe7
Qxe7 9. cxd5 Nxc3 10. bxc3 exd5 11. Qb3 Rd8 12. c4 Be6 13. c5 b6 14. Rc1 bxc5
15. Qa3 Nd7 16. Bb5 Bg4 17. Bxd7 Bxf3 18. Bc6 Bxg2 19. Rg1 Qd6 20. Bxa8 Qxh2 21.
Rxg2 Qxg2 22. Bc6 cxd4 23. Bb5 Rd6 24. Bf1 Qg1 25. Rxc7 dxe3 26. Rc8+ Kh7 27.
Qd3+ g6 28. fxe3 d4 29. e4 Rb6 30. Rc1 Rb2 31. Qf3 Kg7 32. Rc7 Rb1+ 33. Kd2 Qh2+ 0-1

[Event "17th Asian Cities"]
[Site "Jakarta INA"]
[Date "2011.04.27"]
[Round "7.3"]
[White "Stany, G.A."]
[Black "Moradiabadi, Elshan"]
[Result "0-1"]
[BlackTitle "GM"]
[WhiteElo "2407"]
[BlackElo "2537"]
[WhiteTeam "Bangalore"]
[BlackTeam "Tehran"]
[WhiteFideId "5029104"]
[BlackFideId "12501255"]
[EventDate "2011.04.22"]

1. e4 e5 2. Nf3 Nc6 3. Bb5 a6 4. Ba4 Nge7 5. O-O g6 6. c3 Bg7 7. d4 exd4 8. cxd4
O-O 9. Nc3 b5 10. Bb3 d6 11. h3 Bb7 12. a4 Na5 13. axb5 axb5 14. Bg5 h6 15. Bh4
Qd7 16. Re1 Rfe8 17. Bc2 Nc4 18. b3 Na3 19. Bd3 b4 20. Nb1 c5 21. Nxa3 bxa3 22.
Bxe7 Qxe7 23. Qc1 a2 24. Qd2 cxd4 25. Rxa2 Rxa2 26. Qxa2 Qc7 27. Qb1 Qb6 28. Bc4
Re7 29. Re2 d5 30. exd5 Rxe2 31. Bxe2 Bxd5 32. Nd2 Qb4 33. Qd1 Qc3 34. Bc4 Bxc4
35. Nxc4 d3 36. Ne3 Bd4 37. b4 Bxe3 38. fxe3 Qc2 0-1

[Event "17th Asian Cities"]
[Site "Jakarta INA"]
[Date "2011.04.27"]
[Round "7.3"]
[White "Mallahi, Amir"]
[Black "Sanjay, N."]
[Result "1-0"]
[WhiteTitle "IM"]
[WhiteElo "2360"]
[BlackElo "2335"]
[WhiteTeam "Tehran"]
[BlackTeam "Bangalore"]
[WhiteFideId "12500577"]
[BlackFideId "5003075"]
[EventDate "2011.04.22"]

1. e4 d5 2. exd5 Nf6 3. d4 Bg4 4. f3 Bf5 5. Bb5+ Nbd7 6. Nc3 a6 7. Ba4 b5 8. Bb3
Nb6 9. Nge2 Nfxd5 10. Nxd5 Nxd5 11. O-O e6 12. Ng3 Bg6 13. f4 c5 14. c4 Nb6 15.
f5 exf5 16. Nxf5 Bxf5 17. Rxf5 bxc4 18. Bg5 Qxd4+ 19. Qxd4 cxd4 20. Re1+ Kd7 21.
Rxf7+ Kc6 22. Bd1 Bc5 23. a4 d3+ 24. Kf1 Rhf8 25. Bf3+ Nd5 26. Re6+ Bd6 27.
Bxd5+ Kxd5 28. Rxd6+ Kxd6 29. Be7+ Ke5 30. Rxf8 Rxf8+ 31. Bxf8 g5 32. Ke1 Ke4
33. Bh6 Kf5 34. Kd2 Kg6 35. Bf8 Kf5 36. b3 cxb3 37. Kxd3 b2 38. Kc2 Ke4 39. Bc5
g4 40. Kxb2 Kd3 41. h4 gxh3 42. gxh3 Kc4 43. Be7 1-0

[Event "17th Asian Cities"]
[Site "Jakarta INA"]
[Date "2011.04.27"]
[Round "7.3"]
[White "Arvind, Shastry"]
[Black "Golizadeh, Asghar"]
[Result "0-1"]
[BlackTitle "IM"]
[WhiteElo "2297"]
[BlackElo "2492"]
[WhiteTeam "Bangalore"]
[BlackTeam "Tehran"]
[WhiteFideId "5008778"]
[BlackFideId "12505269"]
[EventDate "2011.04.22"]

1. d4 Nf6 2. c4 c5 3. d5 e6 4. Nc3 exd5 5. cxd5 d6 6. Nf3 g6 7. Bf4 a6 8. a4 Bg7
9. h3 O-O 10. e3 Qe7 11. Nd2 Nfd7 12. Be2 Ne5 13. O-O Nbd7 14. Bh2 f5 15. Re1
Nf6 16. Qb3 Kh8 17. Rad1 Bd7 18. Bxe5 dxe5 19. Qb6 Rfc8 20. Nc4 Ne8 21. e4 Bf6
22. Kh1 Rab8 23. Bf1 f4 24. Rd3 Qf8 25. a5 g5 26. Be2 Bd8 27. Qb3 Nd6 28. Nxe5
c4 29. Nxd7 Qe7 30. Qb4 cxd3 31. Qd4+ Qg7 32. Qxg7+ Kxg7 33. Nxb8 d2 34. Rd1
Bxa5 35. Bd3 Rxb8 36. e5 Bxc3 37. bxc3 Re8 38. e6 Rc8 39. Rxd2 Rxc3 40. g4 h6
41. Kg2 Kf6 42. Bf5 a5 43. Re2 Rc5 44. Rd2 b5 45. Kf3 a4 46. h4 Rc3+ 47. Rd3
Rxd3+ 48. Bxd3 a3 49. hxg5+ hxg5 50. Bb1 Ke5 51. Ke2 Kxd5 52. Ba2+ Ke5 53. Kd3
Kf6 54. Kd4 Ke7 55. Kd5 Nc4 56. Kd4 Kxe6 57. Kc5 Ke5 58. Kxb5 Ne3 0-1

[Event "17th Asian Cities"]
[Site "Jakarta INA"]
[Date "2011.04.27"]
[Round "7.4"]
[White "Tirto"]
[Black "Jones, Lee"]
[Result "1-0"]
[WhiteTitle "IM"]
[BlackTitle "FM"]
[WhiteElo "2337"]
[BlackElo "2109"]
[WhiteTeam "Palembang"]
[BlackTeam "Sydney"]
[WhiteFideId "7101058"]
[BlackFideId "3203263"]
[EventDate "2011.04.22"]

1. d4 Nf6 2. Nf3 e6 3. c3 b6 4. Bg5 d5 5. e3 Be7 6. Nbd2 Bb7 7. Ne5 Nfd7 8. Bxe7
Qxe7 9. f4 Nxe5 10. fxe5 Qg5 11. Qf3 f6 12. h4 Qh6 13. Qg3 f5 14. Bd3 Nd7 15.
O-O-O O-O-O 16. Rde1 Rhg8 17. Nf3 Qh5 18. Ng5 Nf8 19. Nh3 Qe8 20. Nf4 Kb8 21.
Qf3 g6 22. g4 c6 23. Reg1 Qf7 24. Rg2 Bc8 25. Rhg1 Nd7 26. Qg3 fxg4 27. Qxg4 Nf8
28. Qg5 Rd7 29. Nh5 Rc7 30. Rf1 Qe7 31. Nf6 Rh8 32. Qh6 Qg7 33. Qf4 Qe7 34. h5
gxh5 35. Ng8 1-0

[Event "17th Asian Cities"]
[Site "Jakarta INA"]
[Date "2011.04.27"]
[Round "7.4"]
[White "Jones, Brian"]
[Black "Kaisar, Jenius Hakiki"]
[Result "0-1"]
[WhiteTitle "FM"]
[WhiteElo "2046"]
[BlackElo "2251"]
[WhiteTeam "Sydney"]
[BlackTeam "Palembang"]
[WhiteFideId "3200663"]
[BlackFideId "7102097"]
[EventDate "2011.04.22"]

1. d4 Nf6 2. c4 e6 3. g3 Bb4+ 4. Bd2 Bxd2+ 5. Qxd2 d5 6. Bg2 O-O 7. Nc3 b6 8.
cxd5 exd5 9. e3 Bb7 10. Nge2 Qe7 11. O-O Rd8 12. Rac1 Nbd7 13. Rfe1 Nf8 14. f3
c5 15. Nf4 Ne6 16. Nxe6 Qxe6 17. dxc5 bxc5 18. Na4 c4 19. Nc5 Qb6 20. Nxb7 Qxb7
21. Qd4 Rab8 22. Rc2 Qa6 23. a3 Rb3 24. Bf1 Qb6 25. Qxb6 axb6 26. Kf2 Re8 27.
Rd2 g5 28. g4 b5 29. h4 h6 30. hxg5 hxg5 31. Rde2 Kf8 32. Ra1 d4 33. exd4 Rxe2+
34. Bxe2 Rxb2 35. a4 Nd5 36. Ke1 Nc3 37. Bd1 Nxd1 38. Kxd1 Rh2 39. Ra3 b4 40.
Re3 Ra2 41. Re5 b3 42. Rb5 Ra3 43. Kd2 b2 44. Kc2 c3 45. a5 Ra1 46. a6 Rc1+ 47.
Kd3 b1=Q+ 48. Rxb1 Rxb1 0-1

[Event "17th Asian Cities"]
[Site "Jakarta INA"]
[Date "2011.04.27"]
[Round "7.5"]
[White "Ganbold, Choidog"]
[Black "Ahmad, AzizJawad Obada"]
[Result "1/2-1/2"]
[BlackTitle "IM"]
[WhiteElo "2196"]
[BlackElo "2348"]
[WhiteTeam "Erdenet"]
[BlackTeam "Baghdad"]
[WhiteFideId "4900480"]
[BlackFideId "4800680"]
[EventDate "2011.04.22"]

1. f4 d5 2. Nf3 Nf6 3. g3 g6 4. Bg2 Bg7 5. O-O O-O 6. d3 c5 7. Nc3 d4 8. Ne4
Nbd7 9. Kh1 Nd5 10. e3 dxe3 11. c3 f5 12. Neg5 N7f6 13. Ne5 h6 14. Ngf3 Ng4 15.
Qe2 g5 16. c4 Nb4 17. a3 Na6 18. Bxe3 Nxe3 19. Qxe3 g4 20. Nh4 Rf6 21. Rab1 Rb6
22. Rfe1 e6 23. Nhg6 Rb3 24. Qf2 Bf6 25. Qc2 Qb6 26. d4 cxd4 27. c5 Nxc5 28. Qc4
d3 29. Red1 Ne4 30. Bxe4 fxe4 31. Qxe4 Qd6 32. Nxd3 Bd7 33. Nge5 Bc6 34. Nxc6
Qxc6 35. Qxc6 bxc6 36. Ne5 Bxe5 37. fxe5 Rb5 38. Rbc1 Rxe5 39. Rxc6 Re2 40. b4
Rf8 41. Rc7 a6 42. Kg1 e5 43. Rdd7 Re1+ 44. Kg2 Re2+ 1/2-1/2

[Event "17th Asian Cities"]
[Site "Jakarta INA"]
[Date "2011.04.27"]
[Round "7.6"]
[White "Kyaw Lin Naing"]
[Black "Saleh, Nagueb"]
[Result "0-1"]
[WhiteTitle "FM"]
[WhiteElo "2229"]
[BlackElo "2194"]
[WhiteTeam "Yangon"]
[BlackTeam "Dubai"]
[WhiteFideId "13002953"]
[BlackFideId "9300058"]
[EventDate "2011.04.22"]

1. e4 d5 2. exd5 Qxd5 3. Nc3 Qa5 4. Nf3 Nf6 5. Bc4 Bf5 6. d3 e6 7. Bd2 c6 8. Qe2
Qc7 9. O-O-O Nbd7 10. Rhe1 Bd6 11. Nd4 O-O 12. Nxf5 exf5 13. Qf3 b5 14. Bb3 a5
15. a4 Nc5 16. Qxf5 Nxb3+ 17. cxb3 bxa4 18. bxa4 Rab8 19. Re2 Nd5 20. Nxd5 cxd5+
21. Kb1 Rxb2+ 22. Kxb2 Rb8+ 23. Bb4 Rxb4+ 24. Ka2 Qc3 0-1

[Event "17th Asian Cities"]
[Site "Jakarta INA"]
[Date "2011.04.27"]
[Round "7.6"]
[White "Al Razi, Naji Mohd Saeed"]
[Black "Wynn Zaw Htun"]
[Result "0-1"]
[BlackTitle "IM"]
[WhiteElo "2209"]
[BlackElo "2382"]
[WhiteTeam "Dubai"]
[BlackTeam "Yangon"]
[WhiteFideId "9300813"]
[BlackFideId "13002783"]
[EventDate "2011.04.22"]

1. d4 Nf6 2. c4 g6 3. Nc3 Bg7 4. Nf3 d6 5. g3 O-O 6. Bg2 Nbd7 7. O-O e5 8. h3 c6
9. e4 Qb6 10. Re1 exd4 11. Nxd4 Ng4 12. hxg4 Bxd4 13. Re2 Bg7 14. Be3 Qa6 15.
Rc2 Ne5 16. b3 Qa5 17. Qxd6 Nxg4 18. Bd4 Bxd4 19. Qxd4 Rd8 20. b4 Rxd4 21. bxa5
Rxc4 22. Rb1 Rc5 23. Bh3 Nf6 24. Bxc8 Rxc8 25. Rxb7 Nxe4 26. Nxe4 Rxc2 27. Rxa7
Rd8 28. a6 Rxa2 29. Kg2 h6 30. g4 Rd4 31. Kf3 Ra3+ 32. Kf4 Kg7 0-1